| 000 | 00697nam a2200229 4500 | ||
|---|---|---|---|
| 003 | OSt | ||
| 005 | 20260601193844.0 | ||
| 008 | 260506b spa||||| |||| 00| 0 spa d | ||
| 020 | _a 9701807367 | ||
| 040 |
_aICI _bSPA _cICI |
||
| 041 | _aspa | ||
| 050 |
_a N6559.G64 _bA4 1997 |
||
| 100 | 1 |
_aGoeritz, Mathias, _d1915-1990 _e artista _931195 |
|
| 245 | 1 |
_aLos ecos de Mathias Goeritz : _bcatálogo de la exposición |
|
| 246 | _aMathias Goeritz | ||
| 264 |
_aCiudad de México : _bAntiguo Colegio de San Ildefonso, _c [1997] |
||
| 300 |
_a251 páginas : _b ilustraciones |
||
| 336 |
_atexto _2rdacontent |
||
| 337 |
_asin medio _2rdamedia |
||
| 338 |
_avolumen _2rdacarrier |
||
| 942 |
_2lcc _cB _n1 |
||
| 999 |
_c21573 _d21573 |
||